| 000 | 00481nam a22001817a 4500 | ||
|---|---|---|---|
| 005 | 20180720150411.0 | ||
| 008 | 160514b xxu||||| |||| 00| 0 eng d | ||
| 020 | _a81-203-1485-9 | ||
| 041 | _aeng | ||
| 082 |
_b2308 _a658.3 |
||
| 100 |
_a Mainiero, Lisa A and Tromley, Cheryl _94600 |
||
| 245 | _aDeveloping Managerial Skills in Organizational Behavior | ||
| 250 | _a2 nd ed. | ||
| 260 |
_aNew Delhi _bPHI, _c2004 |
||
| 300 | _a482p, | ||
| 650 |
_aManagement _9241 |
||
| 942 | _cBK | ||
| 999 |
_c839 _d839 |
||